000 00774 a2200193 4500
999 _c10482
_d10482
020 _a9780123747242
050 _aQH541.5 DOD 2010
100 _aDodds, Walter K. (Walter Kennedy),
_d1958-
_eauthor
245 _aFreshwater ecology :
_bconcepts and environmental applications /
_cWalter K Dodds; Matt R Whiles
250 _a2nd edition
264 _aBurlington, MA :
_b Academic Press,
_c ♭2010.
300 _axviii, 811 pages, 10 unnumbered pages of plates : illustrations (some color), color maps ; 25 cm.
500 _aIncludes index and bibliography from page 719 -811
650 _aFreshwater ecology
_x Textbooks.
650 _aLimnology
_xTextbooks.
650 _aFreshwater ecology.
700 _a Whiles, Matt R.
_eauthor
942 _2lcc
_cBK
_h541.5
_iDOD
_kQH